[Maróthy, Daniel]
Zobrazenie: Podobizeň básnika, evanjelického kňaza Daniela Maróthyho (14.4.1825 Mašková - 18.4.1878 Ľuboreč).
| Corporate Author: | |
|---|---|
| Format: | Photo |
| Language: | Hungarian German |
| PhysicalDescription: | 1 fotografia v hnedom tóne 11 x 7 cm |
| Published: |
[S.l.
s.n.
s.a.]
|
| Subjects: |
MARC
| LEADER | 00000nkmaa2200000 a 4500 | ||
|---|---|---|---|
| 001 | vtls011922854 | ||
| 003 | SK-MaSNL | ||
| 005 | 20260301225456.0 | ||
| 007 | kh ao | ||
| 008 | 230802n hu | |||0 k|hun | ||
| 035 | |a DB703055-0E11-4654-9240-FF97DA71CDAF | ||
| 035 | |a urn:nbn:sk:snk-km43hzo | ||
| 035 | |a urn:nbn:sk:snk-km00e7qg | ||
| 040 | |a SNKLA |b slo |c SNKLA |e AACR2 | ||
| 041 | 0 | |a hun |a ger | |
| 044 | |a hu |c HU | ||
| 110 | 2 | |a A. Christ és J. Fajth (Budapešť, Maďarsko) |4 aut |9 196038 | |
| 245 | 1 | 0 | |a [Maróthy, Daniel] |h grafika |
| 260 | |a [S.l. |b s.n. |c s.a.] | ||
| 300 | |a 1 fotografia |b v hnedom tóne |c 11 x 7 cm | ||
| 520 | 2 | |a Zobrazenie: Podobizeň básnika, evanjelického kňaza Daniela Maróthyho (14.4.1825 Mašková - 18.4.1878 Ľuboreč). | |
| 600 | 1 | 7 | |a Maróthy, Daniel, |d 1825-1878 |2 SNKMA |9 112657 |
| 655 | 7 | |a portrétne fotografie |2 SNKPH |9 305796 | |
| 852 | 7 | |a Slovenská národná knižnica v Martine |b Literárny archív | |
| 958 | |a ZO | ||
| 958 | |a BLA | ||
| 999 | |c 950987 |d 952917 | ||
| 952 | |a SNKLA |b SNKLA |c SNKLA_DEP |y NEVYP |7 0 |p 17A1310806 |o snkSM 11/2 |i snkLA 1358/1975 |0 0 |1 0 |4 0 |d 2020-03-09 |f 1 |l 0 |r 2026-02-24 09:47:57 |w 2026-02-24 | ||


